| 000 | 00369nam a22001577a 4500 | ||
|---|---|---|---|
| 003 | MACL | ||
| 005 | 20151124135203.0 | ||
| 008 | 151124b xxu||||| |||| 00| 0 eng d | ||
| 040 | _cMACL | ||
| 041 | _aEnglish | ||
| 082 | _a010/ACH | ||
| 100 |
_aAcharya,Y. _918069 |
||
| 245 | _aThe Indian National Bibliography | ||
| 650 |
_aBibliography _915346 |
||
| 942 |
_2ddc _cBK |
||
| 999 |
_c51010 _d51010 |
||